Calderón de la Barca en Hungría Desde Fines del Siglo XVIII Hasta la Actualidad

Elmentve itt :
Bibliográfiai részletek
Szerző: Katona Eszter
Dokumentumtípus: Cikk
Megjelent: 2021
Sorozat:Anuario calderoniano 14
Tárgyszavak:
mtmt:32189681
Online Access:http://publicatio.bibl.u-szeged.hu/22369
LEADER 00666nab a2200193 i 4500
001 publ22369
005 20210923100101.0
008 210914s2021 hu o 0|| zxx d
022 |a 1888-8046 
024 7 |a 32189681  |2 mtmt 
040 |a SZTE Publicatio Repozitórium  |b hun 
041 |a zxx 
100 1 |a Katona Eszter 
245 1 0 |a Calderón de la Barca en Hungría Desde Fines del Siglo XVIII Hasta la Actualidad  |h [elektronikus dokumentum] /  |c  Katona Eszter 
260 |c 2021 
300 |a 377-398 
490 0 |a Anuario calderoniano  |v 14 
650 4 |a Nyelvek és irodalom 
856 4 0 |u http://publicatio.bibl.u-szeged.hu/22369/1/ACAL14_Pruebas_Katona_REAL.pdf  |z Dokumentum-elérés